| 000 | 00000nam 2200000za 4500 |
| 001 | 9.578774 |
| 003 | CaOODSP |
| 005 | 20210624190238 |
| 007 | cr ||||||||||| |
| 008 | 150406s2012||||xxca|||#o f000 0 eng d |
| 040 | |aCaOODSP|beng |
| 043 | |an-cn--- |
| 086 | 1 |aFs3-5/2012-04E-PDF |
| 100 | 1 |aHart, Deborah R. |
| 245 | 13|aAn alternative stratification to estimate yellowtail flounder discards in the US scallop fishery / |h[electronic resource]|cDeborah R. Hart and Christopher M. Legault. |
| 260 | |aOttawa : |bFisheries and Oceans Canada, |
| 300 | |a14p.|bgraphs, map, references, tables |
| 490 | 1 |aTransboundary Resource Assessment Committee reference document|v2012/04 |
| 546 | |a(Résumé en français) |
| 590 | |a14-12-Supp|b2014-05-30 |
| 700 | 1 |aLegault, Christopher M. |
| 710 | 1 |aCanada. |bDepartment of Fisheries and Oceans. |
| 830 | #0|aTransboundary Resource Assessment Committee reference document ;|v2012/04|w(CaOODSP)9.507742 |
| 856 | 40|ahttp://publications.gc.ca|qPDF|s167 KB|uhttps://publications.gc.ca/collections/collection_2014/mpo-dfo/Fs3-5-2012-04-eng.pdf|y2012/04 |